[Event "SLO-chT1 West"]
[Site "Ljubljana"]
[Date "2013.10.18"]
[Round "4"]
[White "Ciglic, Boris"]
[Black "Skok, Boris"]
[Result "1/2-1/2"]
[WhiteElo "2099"]
[BlackElo "2038"]
[PlyCount "50"]
[EventDate "2013.09.27"]
[EventType "team-tourn"]
[EventRounds "9"]
[EventCountry "SLO"]
[SourceTitle "EXT 2019"]
[Source "ChessBase"]
[SourceDate "2018.10.10"]
[SourceVersion "1"]
[SourceVersionDate "2018.10.10"]
[SourceQuality "1"]
[WhiteTeam "Gorenjka Lesce"]
[BlackTeam "Komenda"]
[WhiteTeamCountry "SLO"]
[BlackTeamCountry "SLO"]

1. d4 d5 2. Nf3 Nf6 3. c4 c6 4. Nc3 a6 5. e3 b5 6. b3 Bg4 7. h3 Bxf3 8. Qxf3 e5 9. c5 Nbd7 10. g4 g6 11. Bg2 Bg7 12. 0-0 0-0 13. Bb2 exd4 14. exd4 b4 15. Ne2 Ne4 16. Qd3 Re8 17. Rab1 Qa5 18. Qc2 Qb5 19. Rfe1 Nf8 20. Nf4 Bh6 21. Nd3 Bg7 22. f3 Ng5 23. Ne5 Nge6 24. Qf2 Nf4 25. Bf1 Qb7 1/2-1/2

[Event "SLO-chT1 West"]
[Site "Ljubljana"]
[Date "2010.09.25"]
[Round "2.4"]
[White "Ciglic, Boris"]
[Black "Guid, Matej"]
[Result "1-0"]
[WhiteElo "2119"]
[BlackElo "2302"]
[PlyCount "86"]
[EventDate "2010.09.24"]
[EventType "team-tourn"]
[EventRounds "9"]
[EventCountry "SLO"]
[SourceTitle "CBM 138 Extra"]
[Source "ChessBase"]
[SourceDate "2010.10.29"]
[SourceVersion "1"]
[SourceVersionDate "2010.10.29"]
[SourceQuality "1"]
[WhiteTeam "Gorenjka Lesce"]
[BlackTeam "Ljubljana Vidmar"]
[WhiteTeamCountry "SLO"]
[BlackTeamCountry "SLO"]

1. Nf3 d5 2. c4 c6 3. d4 dxc4 4. e4 b5 5. a4 e6 6. axb5 cxb5 7. b3 Bb7 8. bxc4 Bxe4 9. Nc3 Bb4 10. Bd2 Bxc3 11. Bxc3 bxc4 12. d5 Nf6 13. Qa4+ Qd7 14. dxe6 fxe6 15. Bxc4 Qxa4 16. Rxa4 Bxf3 17. gxf3 Nbd7 18. 0-0 Nb6 19. Bb5+ Kf7 20. Ra5 Rhd8 21. Rfa1 Rd5 22. Rxa7+ Rxa7 23. Rxa7+ Kg6 24. Ba4 Nxa4 25. Rxa4 Rd1+ 26. Kg2 Nd5 27. Be5 Kf5 28. Bg3 g5 29. h4 gxh4 30. Rxh4 Nf6 31. Ra4 h5 32. Ra5+ Rd5 33. Ra8 Rd4 34. Kh3 Rd3 35. Kg2 Rd4 36. Ra5+ Nd5 37. Kh3 Rd1 38. Kg2 Rd2 39. Ra8 Rd4 40. Rf8+ Nf6 41. Kh3 Kg6 42. Be5 Rd3 43. Rxf6+ Kh7 1-0

[Event "SLO-chT"]
[Site "Murska Sobota"]
[Date "2006.11.30"]
[Round "6"]
[White "Ciglic, Boris"]
[Black "Mikac, Matjaz"]
[Result "1/2-1/2"]
[WhiteElo "2136"]
[BlackElo "2389"]
[PlyCount "44"]
[EventDate "2006.11.25"]
[EventType "team"]
[EventRounds "9"]
[EventCountry "SLO"]
[SourceTitle "EXT 2008"]
[Source "ChessBase"]
[SourceDate "2007.11.25"]
[SourceVersion "1"]
[SourceVersionDate "2007.11.25"]
[SourceQuality "1"]

1. Nf3 g6 2. d4 Bg7 3. c4 c5 4. Nc3 cxd4 5. Nxd4 Nc6 6. e3 Nf6 7. Be2 0-0 8. 0-0 d6 9. b3 Bd7 10. Bb2 Qa5 11. a3 Rfc8 12. b4 Qd8 13. Nxc6 bxc6 14. Qd2 Rab8 15. Rfc1 c5 16. b5 Be6 17. e4 Qa5 18. Rd1 Re8 19. Nd5 Qxd2 20. Nxf6+ Bxf6 21. Rxd2 Bxb2 22. Rxb2 Kg7 1/2-1/2

[Event "SLO-chT"]
[Site "Bled"]
[Date "2005.11.06"]
[Round "5"]
[White "Ciglic, Boris"]
[Black "Ljajic, Ismet"]
[Result "1-0"]
[WhiteElo "2133"]
[BlackElo "1973"]
[PlyCount "33"]
[EventDate "2005.11.03"]
[EventType "team"]
[EventRounds "9"]
[EventCountry "SLO"]
[SourceTitle "CBM 109 Extra"]
[Source "ChessBase"]
[SourceDate "2006.01.03"]
[SourceVersion "2"]
[SourceVersionDate "2006.01.03"]
[SourceQuality "1"]

1. Nf3 d5 2. c4 d4 3. e3 dxe3 4. fxe3 Nf6 5. d4 e6 6. Nc3 Bb4 7. Bd3 c5 8. 0-0 Nc6 9. Bc2 Bxc3 10. bxc3 0-0 11. e4 Ne8 12. e5 Ne7 13. Bxh7+ Kxh7 14. Ng5+ Kg6 15. h4 Rh8 16. Nxf7 Qa5 17. Qg4+ 1-0

[Event "SLO-chT"]
[Site "Bled"]
[Date "2005.11.03"]
[Round "1"]
[White "Pazlar, Marko"]
[Black "Ciglic, Boris"]
[Result "0-1"]
[WhiteElo "2039"]
[BlackElo "2133"]
[PlyCount "84"]
[EventDate "2005.11.03"]
[EventType "team"]
[EventRounds "9"]
[EventCountry "SLO"]
[SourceTitle "CBM 109 Extra"]
[Source "ChessBase"]
[SourceDate "2006.01.03"]
[SourceVersion "2"]
[SourceVersionDate "2006.01.03"]
[SourceQuality "1"]

1. e4 g6 2. Nc3 Bg7 3. g3 c5 4. Bg2 Nc6 5. Nge2 d6 6. d3 e5 7. Nd5 Nge7 8. Bg5 h6 9. Bf6 0-0 10. Nec3 Be6 11. Nxe7+ Nxe7 12. Bxg7 Kxg7 13. 0-0 Qd7 14. f4 exf4 15. Rxf4 d5 16. exd5 Nxd5 17. Nxd5 Bxd5 18. Qd2 Bxg2 19. Kxg2 Qd5+ 20. Kg1 Rae8 21. b3 b6 22. Re1 f5 23. Qc3+ Kg8 24. Rxe8 Rxe8 25. Qc4 Qxc4 26. Rxc4 Re2 27. h3 Kf7 28. d4 cxd4 29. Rxd4 Ke6 30. Ra4 a5 31. Rc4 Kd5 32. a4 g5 33. Kf1 Rh2 34. h4 g4 35. Kg1 Rd2 36. Kf1 Rd4 37. Rc3 Ke4 38. Kf2 f4 39. gxf4 Kxf4 40. Rc6 g3+ 41. Kg2 Rd2+ 42. Kf1 Kf3 0-1

[Event "SLO-chT West"]
[Site "Bled"]
[Date "2004.11.13"]
[Round "8"]
[White "Ursic, Aleksander"]
[Black "Ciglic, Boris"]
[Result "1/2-1/2"]
[WhiteElo "1928"]
[BlackElo "2142"]
[PlyCount "67"]
[EventDate "2004.11.05"]
[EventType "team"]
[EventRounds "9"]
[EventCountry "SLO"]
[SourceTitle "EXT 2009"]
[Source "ChessBase"]
[SourceDate "2008.11.26"]
[SourceVersion "1"]
[SourceVersionDate "2008.11.26"]
[SourceQuality "1"]

1. d4 Nf6 2. Nf3 g6 3. Bg5 Bg7 4. e3 c5 5. Bxf6 Bxf6 6. c3 cxd4 7. cxd4 0-0 8. Nc3 d6 9. Be2 Nc6 10. 0-0 a6 11. a3 b5 12. b4 Bb7 13. Qb3 Qd7 14. Rfd1 Bg7 15. Rac1 Rac8 16. Qb1 e6 17. Bd3 Ne7 18. Ne4 Nd5 19. Rxc8 Rxc8 20. Rc1 Nb6 21. Rxc8+ Nxc8 22. Qc2 Nb6 23. h4 Bxe4 24. Bxe4 Nc4 25. h5 d5 26. Bd3 Nxa3 27. Qa2 Nc4 28. hxg6 hxg6 29. Qxa6 Qe8 30. g3 Bf8 31. Ne5 Bxb4 32. Nc6 Bf8 33. Qxb5 Nd6 34. Qa6 1/2-1/2

[Event "SLO-chT West"]
[Site "Bled"]
[Date "2004.11.12"]
[Round "6"]
[White "Ljajic, Ismet"]
[Black "Ciglic, Boris"]
[Result "0-1"]
[WhiteElo "2034"]
[BlackElo "2142"]
[PlyCount "96"]
[EventDate "2004.11.05"]
[EventType "team"]
[EventRounds "9"]
[EventCountry "SLO"]
[SourceTitle "EXT 2009"]
[Source "ChessBase"]
[SourceDate "2008.11.26"]
[SourceVersion "1"]
[SourceVersionDate "2008.11.26"]
[SourceQuality "1"]

1. e4 g6 2. d4 Bg7 3. Nf3 d6 4. Nc3 Nf6 5. Bc4 0-0 6. h3 c6 7. Bb3 a5 8. a4 e5 9. dxe5 dxe5 10. Qxd8 Rxd8 11. Nxe5 Be6 12. Bxe6 fxe6 13. Nd3 Na6 14. Be3 Nd7 15. 0-0 Nb4 16. Nxb4 axb4 17. Nd1 b5 18. a5 Ra6 19. c3 bxc3 20. bxc3 Rda8 21. Bd4 Bf8 22. Nb2 Rxa5 23. Rxa5 Rxa5 24. Nd3 c5 25. Be3 Ra3 26. Nf4 Kf7 27. Rd1 Ne5 28. Ne2 Ra2 29. Kf1 Be7 30. f4 Nc4 31. Kf2 Ke8 32. g4 b4 33. Rb1 bxc3 34. Rc1 Bh4+ 35. Kf3 Nd2+ 36. Bxd2 cxd2 37. Rd1 Ra3+ 38. Kg2 Be1 39. f5 Re3 40. Nf4 exf5 41. exf5 Rg3+ 42. Kh1 gxf5 43. Ng2 fxg4 44. hxg4 Rxg2 45. Kxg2 c4 46. Ra1 c3 47. Kf3 c2 48. Ke2 c1Q 0-1

[Event "SLO-chT West"]
[Site "Bled"]
[Date "2004.11.05"]
[Round "1"]
[White "Jeraj, Zlatko"]
[Black "Ciglic, Boris"]
[Result "1-0"]
[WhiteElo "2095"]
[BlackElo "2142"]
[PlyCount "49"]
[EventDate "2004.11.05"]
[EventType "team"]
[EventRounds "9"]
[EventCountry "SLO"]
[SourceTitle "EXT 2009"]
[Source "ChessBase"]
[SourceDate "2008.11.26"]
[SourceVersion "1"]
[SourceVersionDate "2008.11.26"]
[SourceQuality "1"]

1. d4 Nf6 2. c4 g6 3. Nc3 Bg7 4. e4 d6 5. Nf3 0-0 6. Be2 e5 7. Bg5 h6 8. Bh4 Nc6 9. dxe5 dxe5 10. Qxd8 Rxd8 11. Bxf6 Bxf6 12. Nd5 Bg7 13. Nxc7 Rb8 14. 0-0 f5 15. Rad1 Rxd1 16. Rxd1 fxe4 17. Nd2 Nd4 18. Bf1 Bf5 19. Nd5 h5 20. g3 Bh6 21. Nxe4 Nf3+ 22. Kh1 Kh8 23. Ndc3 Rf8 24. Rd5 Bg7 25. b4 1-0

[Event "SLO-chT2W"]
[Site "Bled"]
[Date "2003.11.15"]
[Round "7"]
[White "Brunsek, Iztok"]
[Black "Ciglic, Boris"]
[Result "0-1"]
[WhiteElo "2204"]
[BlackElo "2140"]
[PlyCount "54"]
[EventDate "2003.11.07"]
[EventType "team"]
[EventRounds "8"]
[EventCountry "SLO"]
[SourceTitle "EXT 2005"]
[Source "ChessBase"]
[SourceDate "2004.11.15"]
[SourceVersion "1"]
[SourceVersionDate "2004.11.15"]
[SourceQuality "1"]

1. e4 d6 2. d4 g6 3. Nc3 Bg7 4. Nf3 Nf6 5. Be3 c6 6. Qd2 Qa5 7. Bd3 Nbd7 8. 0-0-0 b5 9. Kb1 b4 10. Ne2 0-0 11. Bh6 e5 12. Bxg7 Kxg7 13. h4 h5 14. Ng5 c5 15. dxe5 Nxe5 16. f4 Nxd3 17. cxd3 Bg4 18. Rdf1 Rae8 19. Ng3 Qc7 20. Rf2 a5 21. Rhf1 a4 22. e5 dxe5 23. fxe5 Qxe5 24. Rxf6 Qxg3 25. Nxf7 Qe3 26. Qxe3 Rxe3 27. Nd6 Rxf6 0-1

[Event "SLO-chT2W"]
[Site "Bled"]
[Date "2003.11.09"]
[Round "4"]
[White "Ciglic, Boris"]
[Black "Gombac, Jan"]
[Result "0-1"]
[WhiteElo "2140"]
[BlackElo "2290"]
[PlyCount "76"]
[EventDate "2003.11.07"]
[EventType "team"]
[EventRounds "8"]
[EventCountry "SLO"]
[SourceTitle "EXT 2005"]
[Source "ChessBase"]
[SourceDate "2004.11.15"]
[SourceVersion "1"]
[SourceVersionDate "2004.11.15"]
[SourceQuality "1"]

1. Nf3 c5 2. c4 Nc6 3. Nc3 g6 4. d4 cxd4 5. Nxd4 Bg7 6. Nxc6 bxc6 7. e4 d6 8. Be2 Nf6 9. 0-0 0-0 10. Be3 Nd7 11. f4 a5 12. Qc2 Rb8 13. Rad1 Qc7 14. Kh1 Nc5 15. f5 Ba6 16. Bd4 Rb4 17. Bxg7 Kxg7 18. b3 a4 19. Nxa4 Nxa4 20. bxa4 Qa5 21. f6+ exf6 22. Rxd6 Qe5 23. Rdxf6 Bc8 24. Rxc6 Bb7 25. Rcf6 Bxe4 26. Bd3 Rb2 27. Bxe4 Rxc2 28. Bxc2 Qxf6 29. Rxf6 Kxf6 30. h3 Ra8 31. Bb3 Ke5 32. Kh2 f5 33. Kg3 Ra5 34. Kf3 g5 35. Ke3 h5 36. Kd3 Kf4 37. Kc3 Kg3 38. Kb4 Re5 0-1

[Event "SLO Cup final"]
[Site "Rogla"]
[Date "2002.06.08"]
[Round "2"]
[White "Krajnc, Radovan"]
[Black "Ciglic, Boris"]
[Result "0-1"]
[WhiteElo "1914"]
[BlackElo "2156"]
[PlyCount "80"]
[EventDate "2002.06.07"]
[EventType "swiss"]
[EventRounds "5"]
[EventCountry "SLO"]
[SourceTitle "EXT 2008"]
[Source "ChessBase"]
[SourceDate "2007.11.25"]
[SourceVersion "1"]
[SourceVersionDate "2007.11.25"]
[SourceQuality "1"]

1. e4 g6 2. Nc3 Bg7 3. g3 c5 4. Bg2 Nc6 5. d3 d6 6. f4 Nf6 7. Nf3 0-0 8. 0-0 Rb8 9. h3 b5 10. Be3 b4 11. Ne2 Nd7 12. Qc1 f5 13. Ng5 Nb6 14. exf5 Nd4 15. Bxd4 cxd4 16. Nf3 gxf5 17. Qd2 e5 18. Qxb4 Kh8 19. fxe5 dxe5 20. Qa3 Nd5 21. Ne1 Ne3 22. Rf2 Rf6 23. c4 Ra6 24. Qc5 Rxb2 25. Nf3 Ra5 26. Ng5 Rxc5 27. Nf7+ Kg8 28. Nxd8 Nxg2 29. Kxg2 Bf6 30. g4 Bxd8 31. gxf5 Bh4 32. Ng3 Rxf2+ 33. Kxf2 Bxf5 34. Ke2 Bxg3 35. Rg1 Ra5 36. Rxg3+ Kf7 37. h4 Rxa2+ 38. Kd1 Ra3 39. Rg5 Rxd3+ 40. Ke2 Re3+ 0-1

[Event "SLO-chT West"]
[Site "Bled"]
[Date "2001.11.25"]
[Round "7"]
[White "Saradjen, Janko"]
[Black "Ciglic, Boris"]
[Result "1/2-1/2"]
[WhiteElo "2207"]
[BlackElo "2155"]
[PlyCount "71"]
[EventDate "2001.11.18"]
[EventType "team"]
[EventRounds "7"]
[EventCountry "SLO"]
[SourceTitle "EXT 2003"]
[Source "ChessBase"]
[SourceDate "2002.11.25"]
[SourceVersion "1"]
[SourceVersionDate "2002.11.25"]
[SourceQuality "1"]

1. b4 d5 2. e3 Nf6 3. Bb2 e6 4. a3 c5 5. bxc5 Bxc5 6. Nf3 Nc6 7. Be2 0-0 8. 0-0 b6 9. d4 Be7 10. Nbd2 Bb7 11. c4 dxc4 12. Nxc4 Nd5 13. Qd2 b5 14. Nce5 Nxe5 15. Nxe5 Nb6 16. Bc3 f6 17. Nf3 Qd7 18. Rfc1 Rfc8 19. Ne1 Nc4 20. Bxc4 Rxc4 21. Bb4 Rac8 22. Nd3 Be4 23. Bxe7 Bxd3 24. Bc5 Be4 25. Rxc4 bxc4 26. Qa5 Rc7 27. Bb4 Rb7 28. Qc5 h6 29. Qxc4 Bd5 30. Qd3 f5 31. Rc1 Rc7 32. Rc5 Rxc5 33. dxc5 Bc6 34. Qd6 Qxd6 35. cxd6 Kf7 36. f4 1/2-1/2